000 01200caa a22002651ib4500
003 SA-RiAUC
005 20250204063653.0
008 250129s2017 xxk g 00000 ara c
020 _a9789933291006
040 _aSA-JeALM
_bara
_cSA-RiAUC
_erda
082 0 4 _a257.1
_qSA-RiAUC
090 _a257.1
_bد ح ل
100 1 _aدحلان، مالك بن ربيع،
_d1979-
_eمؤلف.
245 1 0 _aتطبيقات مقاصد الشريعة الإسلامية في السياسة الشرعية /
_cالسيد د. مالك بن ربيع دحلان.
264 _aلندن :
_bقريش .
_c2018
300 _aمجلد ؛
_c24 سم
336 _aنص
_btxt
_2rdacontent
_3عمل تحليلي
337 _aبدون وسيط
_bn
_2rdamedia
338 _aمجلد
_bnc
_2rdacarrier
580 _aفي : تطبيقات مقاصد الشريعة الإسلامية في السياسة الشرعية. -الطبعة الأولى. - لندن : مؤسسة قريش للقانون والسياسة، 2017. -المجلد 1.
650 7 _aالنظام السياسي في الإسلام
_2aucsh
650 7 _aمقاصد الشريعة
_2aucsh
942 _2ddc
_cBOOK
_n0
949 _aSA-JeALM
_d250129
_umohamedma123
_n1
999 _c5523
_d5523